<?xml version="1.0" encoding="UTF-8"?>
<record
    xmlns:xsi="http://www.w3.org/2001/XMLSchema-instance"
    xsi:schemaLocation="http://www.loc.gov/MARC21/slim http://www.loc.gov/standards/marcxml/schema/MARC21slim.xsd"
    xmlns="http://www.loc.gov/MARC21/slim">

  <leader>00766nam a2200229Ia 4500</leader>
  <controlfield tag="005">20220211105520.0</controlfield>
  <controlfield tag="008">210716s2009    xx            000 0 und d</controlfield>
  <datafield tag="020" ind1=" " ind2=" ">
    <subfield code="a">8183184170</subfield>
  </datafield>
  <datafield tag="040" ind1=" " ind2=" ">
    <subfield code="c">AIMIT LIBRARY</subfield>
  </datafield>
  <datafield tag="041" ind1=" " ind2=" ">
    <subfield code="a">eng</subfield>
  </datafield>
  <datafield tag="082" ind1=" " ind2=" ">
    <subfield code="a">519.5 </subfield>
    <subfield code="2">6</subfield>
    <subfield code="b">GUPS</subfield>
  </datafield>
  <datafield tag="100" ind1=" " ind2=" ">
    <subfield code="a">Gupta, S C.</subfield>
    <subfield code="9">19044</subfield>
  </datafield>
  <datafield tag="245" ind1=" " ind2=" ">
    <subfield code="a">Fundamentals of statistics /</subfield>
    <subfield code="c">By Gupta, S C ; edited by Indra Gupta.</subfield>
  </datafield>
  <datafield tag="250" ind1=" " ind2=" ">
    <subfield code="a">6th ed.</subfield>
    <subfield code="b">Sixth revised and enlarged edition</subfield>
  </datafield>
  <datafield tag="260" ind1=" " ind2=" ">
    <subfield code="a">New Delhi :</subfield>
    <subfield code="b">Himalaya Publishing House ,</subfield>
    <subfield code="c">2009.</subfield>
  </datafield>
  <datafield tag="300" ind1=" " ind2=" ">
    <subfield code="a">25.52,T-16,I-6</subfield>
    <subfield code="c">25 cm.</subfield>
  </datafield>
  <datafield tag="650" ind1=" " ind2=" ">
    <subfield code="a">Diagrammatic and graphic representation</subfield>
    <subfield code="9">19045</subfield>
  </datafield>
  <datafield tag="650" ind1=" " ind2=" ">
    <subfield code="a">Skewness and kuriosis</subfield>
    <subfield code="9">19207</subfield>
  </datafield>
  <datafield tag="650" ind1=" " ind2=" ">
    <subfield code="a">Theory of prabability</subfield>
    <subfield code="9">19208</subfield>
  </datafield>
  <datafield tag="700" ind1=" " ind2=" ">
    <subfield code="a">Gupta, Indra; ed.</subfield>
    <subfield code="9">19046</subfield>
  </datafield>
  <datafield tag="942" ind1=" " ind2=" ">
    <subfield code="2">ddc</subfield>
    <subfield code="c">BK</subfield>
    <subfield code="e">6th</subfield>
    <subfield code="k">519.5 GUPS</subfield>
  </datafield>
  <datafield tag="999" ind1=" " ind2=" ">
    <subfield code="c">188954</subfield>
    <subfield code="d">188954</subfield>
  </datafield>
  <datafield tag="952" ind1=" " ind2=" ">
    <subfield code="0">0</subfield>
    <subfield code="1">0</subfield>
    <subfield code="2">ddc</subfield>
    <subfield code="4">0</subfield>
    <subfield code="7">3</subfield>
    <subfield code="8">MCA</subfield>
    <subfield code="a">AIMIT</subfield>
    <subfield code="b">AIMIT</subfield>
    <subfield code="e">Athulya Books</subfield>
    <subfield code="g">390.00</subfield>
    <subfield code="i">Bill no:ABK378; Bill dt:2008-10-</subfield>
    <subfield code="l">0</subfield>
    <subfield code="o">519.5 GUPS</subfield>
    <subfield code="p">MCA08462</subfield>
    <subfield code="r">2025-07-21 00:00:00</subfield>
    <subfield code="v">304.20</subfield>
    <subfield code="w">2021-07-16</subfield>
    <subfield code="y">BK</subfield>
  </datafield>
  <datafield tag="952" ind1=" " ind2=" ">
    <subfield code="0">0</subfield>
    <subfield code="1">0</subfield>
    <subfield code="2">ddc</subfield>
    <subfield code="4">0</subfield>
    <subfield code="7">0</subfield>
    <subfield code="8">MCA</subfield>
    <subfield code="a">AIMIT</subfield>
    <subfield code="b">AIMIT</subfield>
    <subfield code="e">Athulya Books</subfield>
    <subfield code="g">390.00</subfield>
    <subfield code="i">Bill no:ABK378; Bill dt:2008-10-</subfield>
    <subfield code="l">2</subfield>
    <subfield code="o">519.5 GUPS</subfield>
    <subfield code="p">MCA08463</subfield>
    <subfield code="r">2025-07-21 00:00:00</subfield>
    <subfield code="s">2023-11-13</subfield>
    <subfield code="v">304.20</subfield>
    <subfield code="w">2021-07-16</subfield>
    <subfield code="y">BK</subfield>
  </datafield>
  <datafield tag="952" ind1=" " ind2=" ">
    <subfield code="0">0</subfield>
    <subfield code="1">0</subfield>
    <subfield code="2">ddc</subfield>
    <subfield code="4">0</subfield>
    <subfield code="7">0</subfield>
    <subfield code="8">MCA</subfield>
    <subfield code="a">AIMIT</subfield>
    <subfield code="b">AIMIT</subfield>
    <subfield code="e">Athulya Books</subfield>
    <subfield code="g">390.00</subfield>
    <subfield code="i">Bill no:ABK378; Bill dt:2008-10-</subfield>
    <subfield code="l">6</subfield>
    <subfield code="o">519.5 GUPS</subfield>
    <subfield code="p">MCA08464</subfield>
    <subfield code="r">2025-11-06 16:10:08</subfield>
    <subfield code="s">2025-11-06</subfield>
    <subfield code="v">304.20</subfield>
    <subfield code="w">2021-07-16</subfield>
    <subfield code="y">BK</subfield>
  </datafield>
  <datafield tag="952" ind1=" " ind2=" ">
    <subfield code="0">0</subfield>
    <subfield code="1">0</subfield>
    <subfield code="2">ddc</subfield>
    <subfield code="4">0</subfield>
    <subfield code="7">0</subfield>
    <subfield code="8">MCA</subfield>
    <subfield code="a">AIMIT</subfield>
    <subfield code="b">AIMIT</subfield>
    <subfield code="e">Athulya Books</subfield>
    <subfield code="g">390.00</subfield>
    <subfield code="i">Bill no:ABK378; Bill dt:2008-10-</subfield>
    <subfield code="l">0</subfield>
    <subfield code="o">519.5 GUPS</subfield>
    <subfield code="p">MCA08465</subfield>
    <subfield code="r">2025-07-21 00:00:00</subfield>
    <subfield code="v">304.20</subfield>
    <subfield code="w">2021-07-16</subfield>
    <subfield code="y">BK</subfield>
  </datafield>
  <datafield tag="952" ind1=" " ind2=" ">
    <subfield code="0">0</subfield>
    <subfield code="1">0</subfield>
    <subfield code="2">ddc</subfield>
    <subfield code="4">0</subfield>
    <subfield code="7">0</subfield>
    <subfield code="8">MCA</subfield>
    <subfield code="a">AIMIT</subfield>
    <subfield code="b">AIMIT</subfield>
    <subfield code="e">Athulya Books</subfield>
    <subfield code="g">390.00</subfield>
    <subfield code="i">Bill no:ABK378; Bill dt:2008-10-</subfield>
    <subfield code="l">0</subfield>
    <subfield code="o">519.5 GUPS</subfield>
    <subfield code="p">MCA08466</subfield>
    <subfield code="r">2025-07-21 00:00:00</subfield>
    <subfield code="v">304.20</subfield>
    <subfield code="w">2021-07-16</subfield>
    <subfield code="y">BK</subfield>
  </datafield>
  <datafield tag="952" ind1=" " ind2=" ">
    <subfield code="0">0</subfield>
    <subfield code="1">0</subfield>
    <subfield code="2">ddc</subfield>
    <subfield code="4">0</subfield>
    <subfield code="7">0</subfield>
    <subfield code="8">MCA</subfield>
    <subfield code="a">AIMIT</subfield>
    <subfield code="b">AIMIT</subfield>
    <subfield code="e">Athulya Books</subfield>
    <subfield code="g">398.00</subfield>
    <subfield code="i">Bill no:ABK48; Bill dt:2009-05-2</subfield>
    <subfield code="l">0</subfield>
    <subfield code="o">519.5 GUPS</subfield>
    <subfield code="p">MCA09039</subfield>
    <subfield code="r">2025-07-21 00:00:00</subfield>
    <subfield code="v">398.00</subfield>
    <subfield code="w">2021-07-16</subfield>
    <subfield code="y">BK</subfield>
  </datafield>
  <datafield tag="952" ind1=" " ind2=" ">
    <subfield code="0">0</subfield>
    <subfield code="1">0</subfield>
    <subfield code="2">ddc</subfield>
    <subfield code="4">0</subfield>
    <subfield code="7">0</subfield>
    <subfield code="8">MCA</subfield>
    <subfield code="a">AIMIT</subfield>
    <subfield code="b">AIMIT</subfield>
    <subfield code="e">Athulya Books</subfield>
    <subfield code="g">398.00</subfield>
    <subfield code="i">Bill no:ABK48; Bill dt:2009-05-2</subfield>
    <subfield code="l">0</subfield>
    <subfield code="o">519.5 GUPS</subfield>
    <subfield code="p">MCA09040</subfield>
    <subfield code="r">2025-07-21 00:00:00</subfield>
    <subfield code="v">398.00</subfield>
    <subfield code="w">2021-07-16</subfield>
    <subfield code="y">BK</subfield>
  </datafield>
  <datafield tag="952" ind1=" " ind2=" ">
    <subfield code="0">0</subfield>
    <subfield code="1">0</subfield>
    <subfield code="2">ddc</subfield>
    <subfield code="4">0</subfield>
    <subfield code="7">0</subfield>
    <subfield code="8">MCA</subfield>
    <subfield code="a">AIMIT</subfield>
    <subfield code="b">AIMIT</subfield>
    <subfield code="e">Athulya Books</subfield>
    <subfield code="g">398.00</subfield>
    <subfield code="i">Bill no:ABK48; Bill dt:2009-05-2</subfield>
    <subfield code="l">0</subfield>
    <subfield code="o">519.5 GUPS</subfield>
    <subfield code="p">MCA09041</subfield>
    <subfield code="r">2025-07-21 00:00:00</subfield>
    <subfield code="v">398.00</subfield>
    <subfield code="w">2021-07-16</subfield>
    <subfield code="y">BK</subfield>
  </datafield>
  <datafield tag="952" ind1=" " ind2=" ">
    <subfield code="0">0</subfield>
    <subfield code="1">0</subfield>
    <subfield code="2">ddc</subfield>
    <subfield code="4">0</subfield>
    <subfield code="7">0</subfield>
    <subfield code="8">MCA</subfield>
    <subfield code="a">AIMIT</subfield>
    <subfield code="b">AIMIT</subfield>
    <subfield code="e">Athulya Books</subfield>
    <subfield code="g">398.00</subfield>
    <subfield code="i">Bill no:ABK48; Bill dt:2009-05-2</subfield>
    <subfield code="l">0</subfield>
    <subfield code="o">519.5 GUPS</subfield>
    <subfield code="p">MCA09042</subfield>
    <subfield code="r">2025-07-21 00:00:00</subfield>
    <subfield code="v">398.00</subfield>
    <subfield code="w">2021-07-16</subfield>
    <subfield code="y">BK</subfield>
  </datafield>
  <datafield tag="952" ind1=" " ind2=" ">
    <subfield code="0">0</subfield>
    <subfield code="1">0</subfield>
    <subfield code="2">ddc</subfield>
    <subfield code="4">0</subfield>
    <subfield code="7">0</subfield>
    <subfield code="8">MCA</subfield>
    <subfield code="a">AIMIT</subfield>
    <subfield code="b">AIMIT</subfield>
    <subfield code="e">Athulya Books</subfield>
    <subfield code="g">398.00</subfield>
    <subfield code="i">Bill no:ABK48; Bill dt:2009-05-2</subfield>
    <subfield code="l">0</subfield>
    <subfield code="o">519.5 GUPS</subfield>
    <subfield code="p">MCA09043</subfield>
    <subfield code="r">2025-07-21 00:00:00</subfield>
    <subfield code="v">398.00</subfield>
    <subfield code="w">2021-07-16</subfield>
    <subfield code="y">BK</subfield>
  </datafield>
  <datafield tag="952" ind1=" " ind2=" ">
    <subfield code="0">0</subfield>
    <subfield code="1">0</subfield>
    <subfield code="2">ddc</subfield>
    <subfield code="4">0</subfield>
    <subfield code="7">0</subfield>
    <subfield code="8">MBA</subfield>
    <subfield code="a">AIMIT</subfield>
    <subfield code="b">AIMIT</subfield>
    <subfield code="d">2009-03-17</subfield>
    <subfield code="g">390.00</subfield>
    <subfield code="i">Bill no:9191; Bill dt:2009-02-12</subfield>
    <subfield code="l">0</subfield>
    <subfield code="o">519.5 GUPS</subfield>
    <subfield code="p">MBA05922</subfield>
    <subfield code="r">2026-05-23 00:00:00</subfield>
    <subfield code="v">292.50</subfield>
    <subfield code="w">2021-07-16</subfield>
    <subfield code="y">BK</subfield>
  </datafield>
</record>
